|
|
|
|
| LEADER |
00000nam a2200000 a 4500 |
| 001 |
vtls001060032 |
| 003 |
SK-MaSNL |
| 005 |
20260301061727.0 |
| 008 |
250414s1989 xo 0 slo |
| 015 |
|
|
|a SNBA1990/01
|
| 020 |
|
|
|a 8005001843
|
| 035 |
|
|
|a SNK000002860
|
| 040 |
|
|
|a SNK
|b slo
|c SNK
|e AACR2
|
| 041 |
0 |
|
|a slo
|
| 044 |
|
|
|a xo
|c SK
|
| 080 |
|
|
|a 677.025(075.3)
|2 1981
|
| 100 |
1 |
|
|a Fuxa, Jiří
|4 aut
|9 60516
|
| 245 |
1 |
0 |
|a Technológia pletiarstva pre 1. ročník stredných odborných učilíšť
|b učebného odboru pletiar
|c Jiří Fuxa ; Jozefína Čorejová
|
| 250 |
|
|
|a 1. vyd.
|
| 260 |
|
|
|a Bratislava
|b Alfa
|c 1989
|e Bratislava
|f Západoslovenské tlačiarne
|
| 300 |
|
|
|a 208 s., 9,00 AH
|b Tb. Sch. Fot.
|c 20 cm
|
| 366 |
|
|
|e 500 výtl.
|
| 490 |
0 |
|
|a Edícia literatúry pre spotrebný priemysel
|
| 500 |
|
|
|a Lit. 8. Schválilo MŠ SSR. 8 zázn. v češ. a nem.
|
| 700 |
1 |
|
|a Čorejová, Jozefína,
|d 1946-
|4 trl
|9 36934
|
| 852 |
|
|
|a Slovenská národná knižnica
|
| 919 |
|
|
|a 80-05-00184-3
|
| 958 |
|
|
|a OND
|
| 958 |
|
|
|a NB
|
| 958 |
|
|
|a UC
|
| 958 |
|
|
|a CZ
|
| 958 |
|
|
|a TL
|
| 958 |
|
|
|a OP
|
| 999 |
|
|
|c 618112
|d 620042
|
| 952 |
|
|
|t P60, <04>, [BOOK], {604}
|a SNK
|b SNK
|y VYP
|7 0
|p 17A0345426
|o snkSC 75899 D2
|i snkKSP 6791/2002
|0 0
|1 0
|4 0
|d 2002-05-27
|l 0
|r 2004-12-31 00:00:00
|w 2026-02-23
|
| 952 |
|
|
|a SNK
|b SNK
|y PREZ
|7 0
|p 17A0965525
|o snkSC 75899
|0 0
|1 0
|4 0
|d 2012-10-08
|l 0
|r 2026-02-23 16:45:14
|w 2026-02-23
|